000 01232cam a22003497a 4500
003 CHAP
005 20220329141646.0
008 971013s1977 r 00010 d
010 _a71757
011 _a72729
035 _a82285
040 _cCHAP
082 _a641.1
_bG35
100 0 0 _aGaman, P. M.
_944553
245 1 4 _aThe science of food; an introduction to food-science, nutrition and microbiology
260 _aOxford :
_bPergamon,
_c1977
300 _a300 p.
490 0 _aPergamon international library of science, technology, engineering and social studies
590 _aBATCH-UPD
_b10
_c20130110
_lUCH01
_h0509
590 _aBATCH-UPD
_b10
_c20130110
_lUCH01
_h2243
590 _aBATCH-UPD
_b10
_c20130410
_lUCH01
_h0147
590 _aBATCH-UPD
_b10
_c20130914
_lUCH01
_h0150
590 _aCONVERSION
_b10
_c20130109
_lUCH01
_h1339
650 1 4 _aAlimentos
_xAnálisis.
_94164
650 1 4 _aAlimentos
_xBacteriología.
_94171
650 1 4 _aNutrición.
_982246
700 0 _aSherrington, K. B.
_9105662
830 0 _aPergamon international library of science, technology, engineering and social studies
_987157
901 _aBK
942 _cLIBRO
949 _a641.1 G35
_bBC
_cLIBRO
_d33724000139325
_eLIBRO
_h43539
_i82285
_si
999 _c71757
_d71757